000 00691cam a2200253 4500
008 090401t1996 xxu||||| |||| 00| 0 eng d
020 _a0753008661
035 _a(Sirsi) u51345
041 _aeng
050 _a333.33709421
100 _aTurvey, Ralph
245 _aCity of London office rents.
260 _aLondon
_bLondon School of Economics
_c1996
300 _a21p. ; 21cm.
350 _a0
490 _aResearch Papers in Environmental and Spatial Analysis
_v38
650 _aCITY OF LONDON
650 _aOFFICE RENTS
650 _aOFFICES
690 _aPROPERTY-COMMERCIAL PROPERTY
710 _aLondon School of Economics
_91264
942 _n0
948 _c04/03/1997
999 _c92877
_d92877